The Bowman report, access and the recent reforms of the judicial review procedure (Record no. 48794)

000 -LEADER
fixed length control field 00410pab a2200157 454500
008 - FIXED-LENGTH DATA ELEMENTS--GENERAL INFORMATION
fixed length control field 180718b2001 xxu||||| |||| 00| 0 eng d
100 ## - MAIN ENTRY--PERSONAL NAME
Personal name Cornford, Tom
245 ## - TITLE STATEMENT
Title The Bowman report, access and the recent reforms of the judicial review procedure
260 ## - PUBLICATION, DISTRIBUTION, ETC.
Date of publication, distribution, etc. 2001
300 ## - PHYSICAL DESCRIPTION
Extent p.11-20
362 ## - DATES OF PUBLICATION AND/OR SEQUENTIAL DESIGNATION
Dates of publication and/or sequential designation Spring
650 ## - SUBJECT ADDED ENTRY--TOPICAL TERM
Topical term or geographic name entry element Judiciary
700 ## - ADDED ENTRY--PERSONAL NAME
Personal name Sunkin, Maurice
773 ## - HOST ITEM ENTRY
Main entry heading Public Law
909 ## -
-- 48794
Holdings
Withdrawn status Lost status Damaged status Not for loan Permanent Location Current Location Date acquired Barcode Date last seen Price effective from Koha item type
        Indian Institute of Public Administration Indian Institute of Public Administration 2018-07-19 AR49222 2018-07-19 2018-07-19 Articles

Powered by Koha